| 000 | 00514nam a2200157Ia 4500 | ||
|---|---|---|---|
| 008 | 230921s9999||||xx |||||||||||||| ||und|| | ||
| 020 | _a978-981-13-2962-3 | ||
| 041 | _aEN | ||
| 100 | _aFang Cao | ||
| 245 | 0 | _aElderly Care, Intergenerational Relationships and Social Change in Rural China | |
| 250 | _a1st ed. 2019 | ||
| 260 |
_c2019 _bSpringer Singapore |
||
| 856 | _uhttps://doi.org/10.1007/978-981-13-2962-3 | ||
| 856 | _uhttps://link.springer.com/openurl?genre=book&isbn=978-981-13-2962-3 | ||
| 942 | _cEB | ||
| 999 |
_c256121 _d256121 |
||